| 000 | 00965nam a2200253Ia 4500 | ||
|---|---|---|---|
| 003 | GCL | ||
| 005 | 20240530104457.0 | ||
| 008 | 140319s9999 xx 000 0 ara d | ||
| 017 |
_a93/9667 _bدار روتابرينت |
||
| 020 | _a9775514002 | ||
| 040 |
_aGCL / _cGCL |
||
| 082 | 0 | 4 |
_a940.1 _bك ع |
| 100 | 1 | _aكانتور ف , نومان | |
| 245 | 1 | 0 |
_aالعصور الوسطى الباكرة: _cكانتور ف , نومان ، ترجمة قاسم عبده قاسم _bالقرن الثالث: القرن التاسع الميلادى / |
| 260 |
_aالقاهرة : _bعين للدراسات والبحوث الانسانية والاجتماعية |
||
| 300 |
_a387 ص ؛ _c24 سم |
||
| 650 | 0 | 4 | _aتاريخ |
| 650 | 0 | 4 | _aالعصور الوسطى |
| 650 | 0 | 4 | _aحضارة العصور الوسطى |
| 650 | 0 | 4 | _aاوربا |
| 650 | 0 | 4 | _aالعصور الوسطى - تاريخ |
| 700 | 1 |
_aقاسم عبده قاسم _eمترجم |
|
| 942 |
_2ddc _cBK |
||
| 999 |
_c47995 _d47995 |
||